Statistics for Top 5 Songs On Salad Days (Mac DeMarco)

Click here to take the quiz!

General Stats

  • This quiz has been taken 8 times
  • The average score is 3 of 5

Answer Stats

HintAnswer% Correct
485,751,654Chamber Of Reflection
88%
135,817,699Salad Days
75%
62,796,764Blue Boy
63%
38,445,573Passing Out Pieces
50%
50,650,293Let Her Go
38%

Score Distribution

Percentile by Number Answered

Percent of People with Each Score

Your Score History

You have not taken this quiz